| 000 | 00411nam a22001457a 4500 | ||
|---|---|---|---|
| 999 |
_c532427 _d532427 |
||
| 003 | NUST | ||
| 020 |
_a950914052X _qH/B. |
||
| 038 | _awaseem | ||
| 082 |
_a997.11 _bALD |
||
| 100 |
_aAldo Sessa, Fotografias _925943 |
||
| 245 |
_aLuces y Sombras de Buenos Aires: _bLights & Shadows of Buenos Aires / _cFotografias Aldo Sessa |
||
| 260 |
_aBuenos Aires : _bSessa Editores, |
||
| 300 | _a100 p. ; | ||
| 942 |
_2ddc _cBK |
||